<?xml version="1.0" encoding="UTF-8"?><?xml-stylesheet type="text/xsl" href="static/style.xsl"?><OAI-PMH xmlns="http://www.openarchives.org/OAI/2.0/" xmlns:xsi="http://www.w3.org/2001/XMLSchema-instance" xsi:schemaLocation="http://www.openarchives.org/OAI/2.0/ http://www.openarchives.org/OAI/2.0/OAI-PMH.xsd"><responseDate>2026-04-14T05:45:55Z</responseDate><request verb="GetRecord" identifier="oai:www.recercat.cat:2445/172446" metadataPrefix="marc">https://recercat.cat/oai/request</request><GetRecord><record><header><identifier>oai:recercat.cat:2445/172446</identifier><datestamp>2025-12-05T17:09:49Z</datestamp><setSpec>com_2072_1057</setSpec><setSpec>col_2072_478804</setSpec><setSpec>col_2072_478917</setSpec></header><metadata><record xmlns="http://www.loc.gov/MARC21/slim" xmlns:dcterms="http://purl.org/dc/terms/" xmlns:xsi="http://www.w3.org/2001/XMLSchema-instance" xmlns:doc="http://www.lyncode.com/xoai" xsi:schemaLocation="http://www.loc.gov/MARC21/slim http://www.loc.gov/standards/marcxml/schema/MARC21slim.xsd">
   <leader>00925njm 22002777a 4500</leader>
   <datafield ind2=" " ind1=" " tag="042">
      <subfield code="a">dc</subfield>
   </datafield>
   <datafield ind2=" " ind1=" " tag="720">
      <subfield code="a">Granado, Pablo</subfield>
      <subfield code="e">author</subfield>
   </datafield>
   <datafield ind2=" " ind1=" " tag="720">
      <subfield code="a">Roca i Abella, Eduard</subfield>
      <subfield code="e">author</subfield>
   </datafield>
   <datafield ind2=" " ind1=" " tag="720">
      <subfield code="a">Strauss, Philipp</subfield>
      <subfield code="e">author</subfield>
   </datafield>
   <datafield ind2=" " ind1=" " tag="720">
      <subfield code="a">Pelz, Klaus</subfield>
      <subfield code="e">author</subfield>
   </datafield>
   <datafield ind2=" " ind1=" " tag="720">
      <subfield code="a">Muñoz, J. A.</subfield>
      <subfield code="e">author</subfield>
   </datafield>
   <datafield ind2=" " ind1=" " tag="260">
      <subfield code="c">2020-11-30T14:46:29Z</subfield>
   </datafield>
   <datafield ind2=" " ind1=" " tag="260">
      <subfield code="c">2020-11-30T14:46:29Z</subfield>
   </datafield>
   <datafield ind2=" " ind1=" " tag="260">
      <subfield code="c">2019-11-30</subfield>
   </datafield>
   <datafield ind2=" " ind1=" " tag="260">
      <subfield code="c">2020-11-30T14:46:30Z</subfield>
   </datafield>
   <datafield ind2=" " ind1=" " tag="520">
      <subfield code="a">Shortened salt-withdrawal minibasins and associated salt welds are exposed in the Mesozoic strata of the Northern Calcareous Alps fold-and-thrust belt (Austria). Geological mapping and sequential restoration of a balanced cross section have indicated that these salt and salt-related structures developed during the postrift stage of the Neo-Tethys continental margin by evacuation and inflation/deflation of uppermost Permian to lowermost Triassic salt. Middle to Late Triassic minibasins were formed by down-building and downslope translation, flanked by megaflaps and salt walls. Salt and salt structures were rejuvenated by salt-wall fall and formation of bowl minibasins as a response to Penninic rifting since Rhaetian times. Complex structural styles, including younger-on-older contacts, tight folds, and kilometer-scale fully overturned panels resulted from the shortening of early salt structures upon the onset of Jurassic regional convergence. Salt tectonics can reconcile the stratigraphic development and internal structure of the long-debated Northern Calcareous Alps. Our work also provides a new line of research for understanding other fold-and-thrust belts developed from the Neo-Tethys continental margin (i.e., the Carpathian Mountains, the Southern Alps in Europe, the Dinaric Alps) and sets guidelines for other salt-influenced fold belts.</subfield>
   </datafield>
   <datafield tag="653" ind2=" " ind1=" ">
      <subfield code="a">Cartografia geològica</subfield>
   </datafield>
   <datafield tag="653" ind2=" " ind1=" ">
      <subfield code="a">Salines</subfield>
   </datafield>
   <datafield tag="653" ind2=" " ind1=" ">
      <subfield code="a">Geological mapping</subfield>
   </datafield>
   <datafield tag="653" ind2=" " ind1=" ">
      <subfield code="a">Salines</subfield>
   </datafield>
   <datafield ind2="0" ind1="0" tag="245">
      <subfield code="a">Structural styles in fold-and-thrust belts involving early salt structures: The Northern Calcareous Alps (Austria)</subfield>
   </datafield>
</record></metadata></record></GetRecord></OAI-PMH>